Państwa z bronią nuklearną - Nagła Śmierć - Statystyki

Ogólne statystyki
  • Ten quiz został rozwiązany 2 408 razy
  • Średni wynik to 5 z 8
Answers on the Grid
Answers color-coded by a green-red scale on the quiz's grid according to % correct below.
Chiny
Francja
Stany Zjednoczone
Indie
Rosja
Wielka Brytania
Korea Północna
Pakistan
Ukraina
RPA
Kazachstan
Australia
Egipt
Iran
Afganistan
Niemcy
 
Statystyki odpowiedzi
Odpowiedź % Poprawnych
Rosja
80%
Stany Zjednoczone
79%
Chiny
70%
Korea Północna
66%
Francja
60%
Wielka Brytania
54%
Indie
53%
Pakistan
49%
Nie znaleziono quizów pasujących do podanych kryteriów
Rozkład punktacji
Procent ludzi z każdym wynikiem
Percentyl według liczby udzielonych odpowiedzi
Twoja historia wyników
Nie rozwiązałeś tego quizu